Seminario sobre diseno de abastecimientos de agua, buenos aires, argentina, 20-29- de septiembre de 1962 (Record no. 102660)

MARC details
000 -LEADER
fixed length control field 00810cam a2200181 4500
005 - DATE AND TIME OF LATEST TRANSACTION
control field 20230807091501.0
008 - FIXED-LENGTH DATA ELEMENTS--GENERAL INFORMATION
fixed length control field 230807b wau|||||||| |||| 00| 0 spa d
050 04 - LIBRARY OF CONGRESS CALL NUMBER
Classification number TD204.S6
Item number S46 1964
111 2# - MAIN ENTRY--MEETING NAME
Meeting name or jurisdiction name as entry element Seminario Sobre Diseño De Abastecimientos De Agua
Location of meeting ( 20-29 de Septiembre, 1962
Date of meeting : Buenos Aires, Argentina )
245 10 - TITLE STATEMENT
Title Seminario sobre diseno de abastecimientos de agua, buenos aires, argentina, 20-29- de septiembre de 1962
250 ## - EDITION STATEMENT
Edition statement 1a ed.
260 ## - PUBLICATION, DISTRIBUTION, ETC. (IMPRINT)
Place of publication, distribution, etc Washington, D.C. :
Name of publisher, distributor, etc Organización Panamericana de la Salud, Organización Mundial de la Salud,
Date of publication, distribution, etc 1964
300 ## - PHYSICAL DESCRIPTION
Extent vii, 211 p. ;
Dimensions 25 cm.
490 0# - SERIES STATEMENT
Series statement Publicacion científica ;
Volume number/sequential designation no. 95
650 #7 - SUBJECT ADDED ENTRY--TOPICAL TERM
Topical term or geographic name as entry element Abastecimiento de agua
Source of heading or term lemb
Form subdivision Congresos
650 #7 - SUBJECT ADDED ENTRY--TOPICAL TERM
Topical term or geographic name as entry element Abastecimiento de agua
Source of heading or term lemb
Form subdivision Congresos
Geographic subdivision América Latina
942 ## - ADDED ENTRY ELEMENTS (KOHA)
Source of classification or shelving scheme Biblioteca del Cogreso de los Estados Unidos
Koha item type Libro
Holdings
Estado de pérdida Fuente de clasificación Estado del daño No para préstamo Ubicación permanente Ubicación actual Apartado o colección Fecha de adquisición Edición Área del conocimiento Total Checkouts Clasificación Código de Barras Date last seen Número de copia Costo por reposición Tipo de recurso
  Biblioteca del Cogreso de los Estados Unidos     Biblioteca de la Unidad de Ciencias Ingeniería y Humanidades Biblioteca de la Unidad de Ciencias Ingeniería y Humanidades Consulta 07/08/2023 1a ed. Ingeniería y Tecnología   TD204.S6 S46 1962 BCU000023548 07/08/2023 1 1.00 Libro